<?xml version="1.0" encoding="UTF-8"?>
<record
    xmlns:xsi="http://www.w3.org/2001/XMLSchema-instance"
    xsi:schemaLocation="http://www.loc.gov/MARC21/slim http://www.loc.gov/standards/marcxml/schema/MARC21slim.xsd"
    xmlns="http://www.loc.gov/MARC21/slim">

  <leader>00909nam a22002657a 4500</leader>
  <controlfield tag="003">OSt</controlfield>
  <controlfield tag="005">20240530110424.0</controlfield>
  <controlfield tag="008">150318s2009    ua aeo f b    001 0 fre d</controlfield>
  <datafield tag="020" ind1=" " ind2=" ">
    <subfield code="a">9782724705089</subfield>
  </datafield>
  <datafield tag="020" ind1=" " ind2=" ">
    <subfield code="a">9782724705157</subfield>
  </datafield>
  <datafield tag="022" ind1=" " ind2=" ">
    <subfield code="2">11102497</subfield>
  </datafield>
  <datafield tag="040" ind1=" " ind2=" ">
    <subfield code="a">EG-CaGPL</subfield>
    <subfield code="c">EG-CaGPL</subfield>
  </datafield>
  <datafield tag="082" ind1="0" ind2="4">
    <subfield code="2">21</subfield>
    <subfield code="a">922.262</subfield>
    <subfield code="b">CC/O M</subfield>
  </datafield>
  <datafield tag="100" ind1="1" ind2=" ">
    <subfield code="a">Ormos , Istvan</subfield>
  </datafield>
  <datafield tag="245" ind1="1" ind2="0">
    <subfield code="a">Max Herz Pasha (1856 - 1919 ) :</subfield>
    <subfield code="b">His Life and Career /</subfield>
    <subfield code="c">Istvan Ormos</subfield>
  </datafield>
  <datafield tag="260" ind1=" " ind2=" ">
    <subfield code="a">Le Caire :</subfield>
    <subfield code="b">Institut Francais D'Archeologie Orientale ,</subfield>
    <subfield code="c">2009 .</subfield>
  </datafield>
  <datafield tag="300" ind1=" " ind2=" ">
    <subfield code="a">2 parts :</subfield>
    <subfield code="b">ill. (chiefly col.),</subfield>
    <subfield code="c">30 cm.</subfield>
  </datafield>
  <datafield tag="504" ind1=" " ind2=" ">
    <subfield code="a">Includes bibliographical references.</subfield>
  </datafield>
  <datafield tag="600" ind1=" " ind2="0">
    <subfield code="a">Max Herz pasha (1856 - 1919 )</subfield>
  </datafield>
  <datafield tag="600" ind1=" " ind2="0">
    <subfield code="a">Max Herz pasha (1856 - 1919 )</subfield>
    <subfield code="x">The Scholar</subfield>
  </datafield>
  <datafield tag="600" ind1=" " ind2="0">
    <subfield code="a">Max Herz pasha (1856 - 1919 )</subfield>
    <subfield code="x">The Museums</subfield>
  </datafield>
  <datafield tag="600" ind1=" " ind2="0">
    <subfield code="a">Max Herz pasha (1856 - 1919 )</subfield>
    <subfield code="x">Coutumes et traditions</subfield>
  </datafield>
  <datafield tag="942" ind1=" " ind2=" ">
    <subfield code="2">ddc</subfield>
    <subfield code="c">BK</subfield>
  </datafield>
  <datafield tag="999" ind1=" " ind2=" ">
    <subfield code="c">60708</subfield>
    <subfield code="d">60708</subfield>
  </datafield>
  <datafield tag="952" ind1=" " ind2=" ">
    <subfield code="0">0</subfield>
    <subfield code="1">0</subfield>
    <subfield code="2">ddc</subfield>
    <subfield code="4">0</subfield>
    <subfield code="7">0</subfield>
    <subfield code="a">CAI</subfield>
    <subfield code="b">CAI</subfield>
    <subfield code="d">2015-03-18</subfield>
    <subfield code="l">0</subfield>
    <subfield code="o">922.262 CC/O M</subfield>
    <subfield code="p">159810</subfield>
    <subfield code="r">2015-03-18 00:00:00</subfield>
    <subfield code="w">2015-03-18</subfield>
    <subfield code="y">BK</subfield>
  </datafield>
</record>
